[Event "ST-2017-0-00127"]
[Site "LSS email"]
[Date "2017.09.24"]
[Round "?"]
[White "Glatthaar, Michael"]
[Black "Jandek, Stefan"]
[Result "1/2-1/2"]
[WhiteElo "2503"]
[BlackElo "2497"]
[PlyCount "93"]
[EventDate "2015.05.20"]
[EventType "tourn (corr)"]
[EventRounds "6"]
[EventCountry "GER"]
[SourceTitle "Corr 2022"]
[Source "ChessBase"]
[SourceDate "2021.10.24"]
[SourceVersion "1"]
[SourceVersionDate "2021.10.24"]
[SourceQuality "1"]

1. e4 e5 2. Nc3 Nf6 3. g3 d5 4. exd5 Nxd5 5. Nf3 Nxc3 6. bxc3 Nc6 7. Bg2 Bc5 8. 0-0 0-0 9. Re1 Qf6 10. d3 Bb6 11. Be3 Ba5 12. Bd2 Re8 13. Nh4 Rb8 14. Be4 g6 15. Nf3 Bd7 16. Rb1 Bb6 17. Bh6 Bg4 18. Qc1 Bxf3 19. Bg5 Qd6 20. Bxf3 Qc5 21. Qd2 Qd6 22. Kg2 f6 23. Bh6 Kh8 24. Qe2 e4 25. dxe4 Ne5 26. Rbd1 Qa3 27. Qb5 Nxf3 28. Kxf3 Qxc3+ 29. Qd3 Qc5 30. Be3 Qc6 31. Bxb6 axb6 32. Qd7 Qc5 33. Qf7 Rf8 34. Qd5 Qe7 35. Qb5 Rf7 36. Re3 Kg7 37. Kg2 Ra8 38. Qb3 Qe8 39. c4 Re7 40. f3 Ra5 41. Re2 Rae5 42. h4 f5 43. Qc3 Kh6 44. Kh3 fxe4 45. f4 Ra5 46. g4 Rf7 47. Kg2 1/2-1/2

[Event "ZH-2016-0-01412"]
[Site "LSS email"]
[Date "2016.01.20"]
[Round "?"]
[White "Jandek, Stefan"]
[Black "Glaubitz, Friedhelm"]
[Result "1/2-1/2"]
[WhiteElo "2490"]
[BlackElo "2200"]
[PlyCount "64"]
[EventDate "2016.01.16"]
[EventType "match (corr)"]
[EventRounds "2"]
[EventCountry "GER"]
[SourceTitle "Corr 2022"]
[Source "ChessBase"]
[SourceDate "2021.10.24"]
[SourceVersion "1"]
[SourceVersionDate "2021.10.24"]
[SourceQuality "1"]

1. e4 e6 2. d4 d5 3. Nc3 Bb4 4. e5 c5 5. a3 Bxc3+ 6. bxc3 Ne7 7. Qg4 0-0 8. Bd3 Nbc6 9. Qh5 Ng6 10. Nf3 Qc7 11. Be3 c4 12. Bxg6 fxg6 13. Qg4 Qf7 14. Ng5 Qe8 15. h4 h6 16. Nh3 b5 17. Nf4 Ne7 18. Bc1 Bd7 19. h5 g5 20. Ne2 Qf7 21. f4 gxf4 22. Nxf4 Qf5 23. Qxf5 Nxf5 24. Rh3 Ne7 25. Be3 Rf7 26. Kd2 a5 27. Rf3 Raf8 28. Ke2 Rf5 29. g4 R5f7 30. Rg1 Rb8 31. g5 hxg5 32. Rxg5 Kf8 1/2-1/2

[Event "ZH-2016-0-01413"]
[Site "LSS email"]
[Date "2016.01.20"]
[Round "?"]
[White "Tylecek, Drahomir"]
[Black "Jandek, Stefan"]
[Result "1/2-1/2"]
[WhiteElo "2201"]
[BlackElo "2490"]
[PlyCount "57"]
[EventDate "2016.01.19"]
[EventType "match (corr)"]
[EventRounds "2"]
[EventCountry "GER"]
[SourceTitle "Corr 2022"]
[Source "ChessBase"]
[SourceDate "2021.10.24"]
[SourceVersion "1"]
[SourceVersionDate "2021.10.24"]
[SourceQuality "1"]

1. e4 c5 2. Nf3 d6 3. d4 cxd4 4. Nxd4 Nf6 5. Nc3 a6 6. Bg5 e6 7. f4 Qb6 8. Qd2 Qxb2 9. Rb1 Qa3 10. e5 h6 11. Bxf6 gxf6 12. exd6 Nd7 13. Be2 Qxd6 14. Ne4 Qc7 15. Bh5 Qc4 16. Qe3 Be7 17. f5 Nc5 18. fxe6 Bxe6 19. Nxc5 Qxc5 20. Bf3 Rd8 21. c3 f5 22. 0-0 Bg5 23. Qe1 0-0 24. Bxb7 Bf6 25. Bxa6 Bxd4+ 26. cxd4 Qxd4+ 27. Qf2 Bxa2 28. Qxd4 Rxd4 29. Rbd1 1/2-1/2

[Event "ZH-2015-0-01404"]
[Site "LSS email"]
[Date "2015.12.22"]
[Round "?"]
[White "Jacewicz, Grzegorz"]
[Black "Jandek, Stefan"]
[Result "0-1"]
[WhiteElo "2110"]
[BlackElo "2493"]
[PlyCount "80"]
[EventDate "2015.12.10"]
[EventType "match (corr)"]
[EventRounds "2"]
[EventCountry "GER"]
[SourceTitle "Corr 2022"]
[Source "ChessBase"]
[SourceDate "2021.10.24"]
[SourceVersion "1"]
[SourceVersionDate "2021.10.24"]
[SourceQuality "1"]

1. Nf3 Nf6 2. g3 d5 3. Bg2 c6 4. c4 dxc4 5. 0-0 Nbd7 6. Qc2 Nb6 7. a4 a5 8. Na3 g6 9. Nxc4 Nxc4 10. Qxc4 Bg7 11. d3 Be6 12. Qc2 Nd5 13. Bd2 0-0 14. Ng5 Bd7 15. Rfd1 h6 16. Ne4 b6 17. Nc3 Nb4 18. Qc1 Kh7 19. Na2 Nxa2 20. Rxa2 Bg4 21. Re1 Be6 22. Ra3 Ra7 23. b4 axb4 24. Bxb4 Qc7 25. h4 c5 26. Bc3 Bxc3 27. Qxc3 Qd6 28. Rc1 Ra5 29. Raa1 Bd7 30. Qb3 Kg7 31. Rc4 Rb8 32. Qc3+ Qf6 33. Qc1 Rd8 34. Qd1 Be6 35. Rf4 Qc3 36. Rc1 Bb3 37. Qf1 Qd2 38. Rb1 e5 39. Rf3 c4 40. dxc4 Bxc4 0-1

[Event "ZH-2015-0-01383"]
[Site "LSS email"]
[Date "2015.08.27"]
[Round "?"]
[White "Jandek, Stefan"]
[Black "Jovanovic, Bratislav M"]
[Result "1-0"]
[WhiteElo "2497"]
[BlackElo "2163"]
[PlyCount "76"]
[EventDate "2015.08.16"]
[EventType "match (corr)"]
[EventRounds "2"]
[EventCountry "GER"]
[SourceTitle "Corr 2022"]
[Source "ChessBase"]
[SourceDate "2021.10.24"]
[SourceVersion "1"]
[SourceVersionDate "2021.10.24"]
[SourceQuality "1"]

1. e4 e6 2. d4 d5 3. Nc3 Bb4 4. e5 c5 5. a3 Bxc3+ 6. bxc3 Ne7 7. Qg4 0-0 8. Bd3 Nbc6 9. Qh5 Ng6 10. Nf3 Qc7 11. Be3 c4 12. Bxg6 fxg6 13. Qg4 Qf7 14. Ng5 Qe8 15. h4 h6 16. Nh3 Ne7 17. Nf4 Bd7 18. a4 b6 19. a5 b5 20. Bc1 Rf5 21. 0-0 a6 22. Ne2 Kh7 23. Ng3 Rf7 24. h5 Qd8 25. f4 gxh5 26. Nxh5 Nf5 27. Qh3 Qh4 28. Qxh4 Nxh4 29. g4 Ng6 30. Ba3 Nf8 31. Rae1 Re8 32. Kg2 Kg8 33. Rf2 Nh7 34. Bc1 Nf8 35. Ref1 Rb8 36. f5 b4 37. cxb4 Rxb4 38. g5 exf5 1-0

[Event "ST-2014-0-00122"]
[Site "LSS email"]
[Date "2014.12.17"]
[Round "?"]
[White "Jandek, Stefan"]
[Black "Kovacs, Arthur"]
[Result "1/2-1/2"]
[WhiteElo "2475"]
[BlackElo "2438"]
[PlyCount "65"]
[EventDate "2014.09.02"]
[EventType "tourn (corr)"]
[EventRounds "6"]
[EventCountry "GER"]
[SourceTitle "Corr 2022"]
[Source "ChessBase"]
[SourceDate "2021.10.24"]
[SourceVersion "1"]
[SourceVersionDate "2021.10.24"]
[SourceQuality "1"]

1. e4 e5 2. Nf3 Nc6 3. Bb5 a6 4. Ba4 Nf6 5. 0-0 Be7 6. Re1 b5 7. Bb3 d6 8. c3 0-0 9. h3 Bb7 10. d4 Re8 11. Nbd2 Bf8 12. a4 h6 13. Bc2 exd4 14. cxd4 Nb4 15. Bb1 c5 16. d5 Nd7 17. Ra3 c4 18. Ree3 Nc5 19. b3 c3 20. Rxc3 f5 21. axb5 axb5 22. Nd4 fxe4 23. Rg3 Qd7 24. f3 Nxd5 25. Nxe4 Nxe4 26. fxe4 Nf6 27. Rxa8 Bxa8 28. Nf5 Bxe4 29. Nxh6+ Kh7 30. Ng4 Nxg4 31. Bxe4+ Rxe4 32. Rxg4 Rxg4 33. hxg4 1/2-1/2

[Event "WC-2014-S-00002"]
[Site "LSS email"]
[Date "2014.01.13"]
[Round "?"]
[White "Domanov, Dmitry"]
[Black "Jandek, Stefan"]
[Result "1/2-1/2"]
[WhiteElo "2497"]
[BlackElo "2479"]
[PlyCount "98"]
[EventDate "2018.02.10"]
[EventType "tourn (corr)"]
[EventRounds "12"]
[EventCountry "GER"]
[SourceTitle "Corr 2022"]
[Source "ChessBase"]
[SourceDate "2021.10.24"]
[SourceVersion "1"]
[SourceVersionDate "2021.10.24"]
[SourceQuality "1"]

1. e4 c5 2. Nf3 d6 3. d4 cxd4 4. Nxd4 Nf6 5. Nc3 a6 6. h3 e6 7. g4 Nfd7 8. Be3 b5 9. Bg2 Bb7 10. 0-0 Be7 11. a4 bxa4 12. Rxa4 Nc5 13. Rb4 Nbd7 14. Rxb7 Nxb7 15. e5 Qc7 16. Nf5 exf5 17. Nd5 Qc8 18. Nxe7 Kxe7 19. exd6+ Kf8 20. Re1 fxg4 21. Bf4 Nd8 22. Re7 Nc6 23. Re3 gxh3 24. Rxh3 Ra7 25. Rc3 Ndb8 26. Bxc6 Nxc6 27. Qf3 f6 28. Be3 Rb7 29. Rxc6 Qd7 30. Rxa6 Kf7 31. Qd5+ Kg6 32. c4 Qg4+ 33. Qg2 Qxg2+ 34. Kxg2 Kf5 35. c5 Ke5 36. c6 Rxb2 37. d7 Rc2 38. Kf3 g5 39. Ra4 Ke6 40. Rd4 Ke7 41. Bd2 Rxc6 42. Bb4+ Kf7 43. d8Q Rxd8 44. Rxd8 h5 45. Bd2 Rc4 46. Be3 Ra4 47. Rd7+ Kg6 48. Rd6 Kf7 49. Rd8 Rh4 1/2-1/2

[Event "WC-2014-S-00002"]
[Site "LSS email"]
[Date "2014.01.13"]
[Round "?"]
[White "Jandek, Stefan"]
[Black "Krzyzanowski, Wojciech"]
[Result "1/2-1/2"]
[WhiteElo "2479"]
[BlackElo "2335"]
[PlyCount "76"]
[EventDate "2018.02.10"]
[EventType "tourn (corr)"]
[EventRounds "12"]
[EventCountry "GER"]
[SourceTitle "Corr 2022"]
[Source "ChessBase"]
[SourceDate "2021.10.24"]
[SourceVersion "1"]
[SourceVersionDate "2021.10.24"]
[SourceQuality "1"]

1. e4 c5 2. Nf3 Nc6 3. d4 cxd4 4. Nxd4 Nf6 5. Nc3 e5 6. Ndb5 d6 7. Bg5 a6 8. Na3 b5 9. Nd5 Be7 10. Bxf6 Bxf6 11. c3 Ne7 12. Nxf6+ gxf6 13. Bd3 Bb7 14. Nc2 d5 15. exd5 Qxd5 16. Ne3 Qe6 17. a4 Rd8 18. Qc2 e4 19. Be2 0-0 20. axb5 axb5 21. Ra5 f5 22. g3 Bc6 23. Bxb5 Bxb5 24. Rxb5 Qa6 25. Rc5 f4 26. gxf4 Ng6 27. c4 Qa1+ 28. Nd1 Nh4 29. 0-0 Rd2 30. Rg5+ Kh8 31. Qb3 Nf3+ 32. Kg2 Qa7 33. Rg3 Rd3 34. Qb5 Qc7 35. Nc3 Qxf4 36. Qh5 Nd2 37. Rd1 Nxc4 38. Nd5 Rxg3+ 1/2-1/2

[Event "WC-2014-S-00002"]
[Site "LSS email"]
[Date "2014.01.13"]
[Round "?"]
[White "Jandek, Stefan"]
[Black "Sidenko, Anatoly"]
[Result "1-0"]
[WhiteElo "2479"]
[BlackElo "2399"]
[PlyCount "143"]
[EventDate "2018.02.10"]
[EventType "tourn (corr)"]
[EventRounds "12"]
[EventCountry "GER"]
[SourceTitle "Corr 2022"]
[Source "ChessBase"]
[SourceDate "2021.10.24"]
[SourceVersion "1"]
[SourceVersionDate "2021.10.24"]
[SourceQuality "1"]

1. e4 c5 2. Nc3 Nc6 3. Nf3 e6 4. d4 cxd4 5. Nxd4 Nf6 6. Nxc6 bxc6 7. e5 Nd5 8. Ne4 Qc7 9. f4 Qb6 10. c4 Ne3 11. Qd3 Bb4+ 12. Bd2 0-0 13. Rc1 a5 14. Bxb4 Qxb4+ 15. Rc3 Nxf1 16. Rxf1 Qxb2 17. Rf2 Qa1+ 18. Qd1 Qxd1+ 19. Kxd1 h6 20. Kc2 Ba6 21. Rd2 Ra7 22. Nd6 a4 23. Ra3 Bb7 24. c5 Ba6 25. Rxa4 Bd3+ 26. Kb3 Rb8+ 27. Ka3 Rxa4+ 28. Kxa4 Bf1 29. Ka5 Kf8 30. g4 f6 31. a4 Bh3 32. Nc4 Ra8+ 33. Kb4 Ra7 34. exf6 gxf6 35. Ne3 Rb7+ 36. Kc3 Kg7 37. a5 Ra7 38. Ra2 Ra6 39. Kb4 Kg6 40. Ra1 h5 41. gxh5+ Kxh5 42. Rg1 Bf5 43. Rg8 Ra7 44. Nc4 e5 45. Rh8+ Kg6 46. fxe5 fxe5 47. Nxe5+ Kg7 48. Rb8 Be6 49. Nd3 Kf6 50. h4 Kf5 51. Nb2 Ke5 52. Na4 d6 53. cxd6 Kxd6 54. Nc5 Rh7 55. Rd8+ Ke5 56. a6 Bd5 57. Nd7+ Kf5 58. Kc5 Rxh4 59. Nb6 Rh7 60. Nxd5 cxd5 61. Rxd5+ Ke4 62. Rd8 Ke5 63. Re8+ Kf5 64. Kb6 Rh6+ 65. Kb7 Rh7+ 66. Kb8 Rh2 67. a7 Rb2+ 68. Kc7 Rc2+ 69. Kd6 Rd2+ 70. Kc6 Rc2+ 71. Kd5 Rd2+ 72. Kc4 1-0